00621nam a22002057a 450000500170000001000290001702000260004603500270007203700150009903700120011408200110012610000250013724500720016225000110023426000440024527000470028930000290033650000200036565000300038520110906164426.0 aENG-103639 B-459047-051 a9788120344198c275.00 aEN-87172 B-459047-051 bDBAD / PUB bRBC/Ven a342.54 aSharma, Brij Kishore aIntroduction to the constitution of India /cby Brij Kishore Sharma a6th ed aNew DelhibPrentice Hall of Indiac2011 aM-97, Connaught CircusbNew Delhie110 001 axxxvi, 419 p.c24cm(pbk) aincludes index aConstitutional lawzIndia